000 00266nam a2200097Ia 4500
082 _aR 331.0968 AGAI
245 0 _aAgainst the current
100 _a labour and economic policy in South Africa
_951119
942 _cBK
008 210817s9999 xx 000 0 und d
999 _c163984
_d163983